Alarmas y digresiones
Guardat en:
| Autor principal: | |
|---|---|
| Format: | Llibre |
| Idioma: | espanyol |
| Publicat: |
Buenos Aires
Espasa-Calpe
1946
|
| Col·lecció: | Colección Austral, 625
|
| Matèries: | |
| Etiquetes: |
Afegir etiqueta
Sense etiquetes, Sigues el primer a etiquetar aquest registre!
|
MARC
| LEADER | 00000nam a2200000 a 4500 | ||
|---|---|---|---|
| 001 | UCZ5014 | ||
| 003 | CL-VaPUC | ||
| 008 | 951115e19460000AG |||||||||||||||||spa|d | ||
| 082 | 0 | 4 | |a 824 |b CHE |2 21 |
| 100 | 0 | |a Chesterton, Gilbert Keith |e author |9 347361 | |
| 245 | 1 | 0 | |a Alarmas y digresiones |
| 300 | |a 165 p | ||
| 942 | |c BK | ||
| 945 | |d 19951115 00:00:00 |a rleighto | ||
| 260 | |a Buenos Aires |b Espasa-Calpe |c 1946 | ||
| 650 | 0 | |a Ensayos ingleses |9 265096 | |
| 583 | |a last modification |c 19951115 00:00:00 |k Rodrigo Vera | ||
| 490 | 0 | |a Colección Austral, 625 | |
| 999 | |c 241343 |d 241341 | ||
| 952 | |0 0 |1 0 |4 0 |6 824_000000000000000_CHE_1946 |7 0 |8 A |9 253640 |a BIBEDU |b BIBEDU |d 2019-11-19 |i 3151395 |o 824 CHE 1946 |p 3151395 |r 2019-11-19 |w 2019-11-19 |y BK |k LIT | ||